From plane to spheroid (Record no. 85626)
[ view plain ]
| 000 -LEADER | |
|---|---|
| fixed length control field | 01244cam a2200241 4500 |
| 001 - CONTROL NUMBER | |
| control field | ##L1075 |
| 008 - FIXED-LENGTH DATA ELEMENTS--GENERAL INFORMATION | |
| fixed length control field | 090401t1986 xxu||||| |||| 00| 0 eng d |
| 020 ## - INTERNATIONAL STANDARD BOOK NUMBER | |
| International Standard Book Number | 0910845298 |
| 035 ## - SYSTEM CONTROL NUMBER | |
| System control number | (Sirsi) u1075 |
| 041 0# - LANGUAGE CODE | |
| Language code of text/sound track or separate title | eng |
| 050 04 - LIBRARY OF CONGRESS CALL NUMBER | |
| Classification number | 526.6 $2 18 |
| 100 1# - MAIN ENTRY--PERSONAL NAME | |
| Personal name | Smith, James R. |
| 245 00 - TITLE STATEMENT | |
| Title | From plane to spheroid |
| Remainder of title | determining the figure of the Earth from 3000 B.C. to the 18th century Lapland and Peruvian survey expeditions |
| -- | in commemoration of the 250th anniversary of the expeditions to Lapland and Peru |
| 260 ## - PUBLICATION, DISTRIBUTION, ETC. | |
| Place of publication, distribution, etc. | Rancho Cordova,CA |
| Name of publisher, distributor, etc. | Landmark Enterprises |
| Date of publication, distribution, etc. | 1986 |
| 300 ## - PHYSICAL DESCRIPTION | |
| Extent | xii, 219p. |
| Other physical details | ill |
| Dimensions | 28cm. |
| 350 ## - PRICE (NR) (BK AM CF MU VM SE) [OBSOLETE] | |
| Price | 26.5 |
| 520 ## - SUMMARY, ETC. | |
| Summary, etc. | Aims to commemorate the 250th anniversary of two famous survey expeditions sent to Peru and Lapland in the 18th century by the French Academy of Sciences. Consideration is given to the development of thoughts on the shape on the earth; the observational instruments available; the mathematical aids of the day; units of linear measure; previous determinations of the size and shape of the earth, and of general scientific development from earliest times. |
| 651 #4 - SUBJECT ADDED ENTRY--GEOGRAPHIC NAME | |
| Geographic name | PERU |
| 651 #4 - SUBJECT ADDED ENTRY--GEOGRAPHIC NAME | |
| Geographic name | LAPLAND |
| 690 ## - LOCAL SUBJECT ADDED ENTRY--TOPICAL TERM (OCLC, RLIN) | |
| Topical term or geographic name as entry element | ENVIRONMENTAL AND LAND CONSULTANCY-GEOMATICS |
| 942 ## - ADDED ENTRY ELEMENTS (KOHA) | |
| Suppress in OPAC | 0 |
| 948 ## - LOCAL PROCESSING INFORMATION (OCLC); SERIES PART DESIGNATOR (RLIN) | |
| c (OCLC) | 04/03/1997 |
| Withdrawn status | Lost status | Source of classification or shelving scheme | Damaged status | Not for loan | Home library | Current library | Shelving location | Date acquired | Cost, normal purchase price | Total Checkouts | Full call number | Barcode | Date last seen | Copy number | Cost, replacement price | Price effective from | Koha item type |
|---|---|---|---|---|---|---|---|---|---|---|---|---|---|---|---|---|---|
| Dewey Decimal Classification | London | London | Folio | 14/09/1999 | 26.50 | F526.6 | 30004040 | 26/02/2024 | 1 | 26.50 | 06/08/2019 | Book |